• 首页
  • 本馆介绍
  • 公告通知
  • 最新文献
  • 馆藏检索
  • 电子资源
  • 读者导购
  • 参考咨询
  • 我的图书馆
  • 登录
  • 详细信息显示
  • 放入我的书架
  • 预约/预借图书
  • 作者相关作品
  • 分类相关作品
  • 丛书相关作品
  • 出版社相关作品

书目信息

  • 表格格式
  • 工作单格式
  • 卡片格式
题名:
有机化学反应和机理
    
 
作者: 孔祥文 编著
分册:  
出版信息: 北京   中国石化出版社  2018.02
页数: 346页
开本: 26cm
丛书名:
单 册:
中图分类: O621.25
科图分类:
主题词: 有机化学--化学反应--反应机理
电子资源:
ISBN: 978-7-5114-4471-4
000 00959nam0 2200217 450
001 3632
005 20181008110843.59
010    @a978-7-5114-4471-4@dCNY52.00
100    @a20180612d2018 em y0chiy50 ea
101 0  @achi
102    @aCN@b110000
105    @ay z 000yy
200 1  @a有机化学反应和机理@9you ji hua xue fan ying he ji li@f孔祥文编著
210    @a北京@c中国石化出版社@d2018.02
215    @a346页@d26cm
330    @a本书按有机化学反应类型共分8章,包括取代反应、加成反应、消除反应、氧化反应、还原反应、缩合反应、环合反应、重排反应等,涵盖有机化学中常见的、常用的、硕士(博士)研究生入学考试常考的130余个重要的有机化学反应,书中反应基本由问题引入、反应概述、反应通式、反应机理,精选的历年研究生入学考试真题及解答,公开发表的有关反应实例、参考文献等部分组成。
606 0  @a有机化学@x化学反应@x反应机理
690    @aO621.25@v5
701  0 @a孔祥文@9kong xiang wen@c(教师)@4编著
801  0 @aCN@b91MARC@c20180612
905    @aMuseLib@dO621.25@e106
    
    有机化学反应和机理/孔祥文编著.-北京:中国石化出版社,2018.02
    346页;26cm
    
    
    ISBN 978-7-5114-4471-4:CNY52.00
    本书按有机化学反应类型共分8章,包括取代反应、加成反应、消除反应、氧化反应、还原反应、缩合反应、环合反应、重排反应等,涵盖有机化学中常见的、常用的、硕士(博士)研究生入学考试常考的130余个重要的有机化学反应,书中反应基本由问题引入、反应概述、反应通式、反应机理,精选的历年研究生入学考试真题及解答,公开发表的有关反应实例、参考文献等部分组成。
●
相关链接 在E读中查询图书 在五车中查询图书 在当当中查询图书 在豆瓣中查询图书


正题名:有机化学反应和机理     索取号:O621.25/106         预约/预借

序号 登录号 条形码 馆藏地/架位号 状态 备注
1 1122957   211229570   第二样本阅览室/ [索取号:O621.25/106] 在馆    
2 1122958   211229589   第三借阅区/ [索取号:O621.25/106] 在馆    
3 1122959   211229598   第三借阅区/ [索取号:O621.25/106] 在馆    
4 1122960   211229605   第三借阅区/ [索取号:O621.25/106] 在馆    
5 1122961   211229614   化学系资料室/ [索取号:O621.25/106] 在馆    
唐山师范学院图书馆 欢迎您!
大连网信软件有限公司© 版权所有